000 00733nam a22002537a 4500
003 CHAP
005 20220329135311.0
008 971013s r 00010 d
010 _a34041
011 _a35013
035 _a39129
040 _cCHAP
090 _aR-162
100 0 0 _aOettgen, Herbert F.
_982782
245 _aInhibition of leukemias in man by L-asparaginase
500 _aSobretiro de : Cancer Research 27 (1) : 2619-2631, 1967
590 _aBATCH-UPD
_b10
_c20130110
_lUCH01
_h0206
590 _aBATCH-UPD
_b10
_c20130110
_lUCH01
_h2314
590 _aCONVERSION
_b10
_c20130109
_lUCH01
_h1319
650 1 4 _aAsparraginasa.
_98115
901 _aBK
942 _cREIMP
949 _aR-162
_bBC
_cR
_d-89376
_eTS1
_i39129
_si
999 _c34041
_d34041